| 000 | 00564cab a2200229 4500 | ||
|---|---|---|---|
| 001 | X881 | ||
| 008 | 090401t1993 xxu||||| |||| 00| 0 eng d | ||
| 035 | _a(Sirsi) u68013 | ||
| 041 | _aeng | ||
| 245 | _aAwarding body | ||
| 260 | _c1993 | ||
| 350 | _a0 | ||
| 490 |
_aChartered Quantity Surveyor _v15(11/12) July/August 1993, 1(1) |
||
| 650 | _aCHARTERED INSTITUTE OF BUILDING | ||
| 650 | _aCIOB | ||
| 650 | _aCITB | ||
| 650 | _aNATIONAL VOCATIONAL QUALIFICATIONS | ||
| 650 | _aNVQS | ||
| 690 | _aBUILT ENVIRONMENT | ||
| 942 | _n0 | ||
| 948 | _c04/03/1997 | ||
| 999 |
_c42632 _d42632 |
||